Trabajo y energía /

Guardado en:
Formato: Deslizar
Series:Educable
Materias:
Etiquetas: Agregar Etiqueta
Sin Etiquetas, Sea el primero en etiquetar este registro!
LEADER 00758ngm a22002295g 4500
001 CEM.cems022463
008 130507b2000##################0###0#####d
005 20241104161036.0
245 0 0 |a Trabajo y energía / 
300 |a 15'. 
490 0 |a Educable 
500 |a En soporte VHS, consultar en ventanilla. 
538 |a Soporte: VHS - Norma: Pal N - Color: Si - Grabación DRD 2000 - Hitachi=4925. 
505 0 |a Energía y trabajo: definiciones. Energía potencial. Energía cinética. Planos inclinados. 
082 5 3 |/ TVQ 
653 |a FISICA 
653 |a ENERGIA 
653 |a TRABAJO 
653 |a PLANOS INCLINADOS 
653 |a NIVEL PRIMARIO 
653 |a NIVEL SECUNDARIO 
859 |a CEMS  |b BIB. CEMS - Depto. Recursos Didacticos  |h 537  |i TVQ  |k DRD  |p 1106.12  |t Ej.1